|
|
|
|
| LEADER |
00000nam a22000007a 4500 |
| 005 |
20220307114729.0 |
| 007 |
cr|||| |||| |
| 008 |
220307s2019 br |||||s|||| 00||0 por d |
| 020 |
|
|
|a 978-85-301-0106-0
|
| 035 |
|
|
|a 36095
|
| 040 |
|
|
|a vLex
|
| 090 |
|
|
|c 13040
|d 13040
|
| 100 |
1 |
|
|a Martinez, Luciano
|
| 245 |
1 |
0 |
|a Comentr̀ios ̉Constituiȯ̂ de 1988 em Matřia de Direitos Sociais Trabalhistas (arts. 6ð a 11)
|h [Recurso electrn̤ico] /
|c Luciano Martinez, Joô de Lima Teixeira Filho
|
| 256 |
|
|
|a Servicio en ln̕ea
|
| 260 |
|
|
|a San Pablo:
|b LTR,
|c 2019
|
| 300 |
|
|
|a 1 recurso electrn̤ico
|
| 506 |
1 |
|
|a Disponible solo en los productos indicados
|d vLex Global
|d vLex Global (Academic Edition, excluding Law Schools)
|d vLex Global (U.S. Academic Edition, Law Schools)
|d vLex Global (U.S. Academic Edition, excluding Law Schools)
|d vLex Global (Academic Edition, Law Schools)
|
| 650 |
0 |
4 |
|a Derecho Laboral y Seguridad Social
|z Brasil
|
| 700 |
1 |
|
|a de Lima Teixeira Filho, Joô
|
| 740 |
0 |
|
|a vLex Libros (Servicio en ln̕ea)
|
| 856 |
4 |
0 |
|u https://app.vlex.com/#/sources/36095
|z Acceso restringido
|
| 942 |
|
|
|c BOOK
|
| 999 |
0 |
|
|a Labor law and social security
|